000
00288nam a2200109Ia 4500
008
220204s9999 xx 000 0 und d
082
_a
339.172
_b
VAR
100
_a
Varangis, Panos
245
0
_a
Managing commodity booms and busts
260
_a
Washington, DC
_b
World Bank
_c
1995
942
_c
BK
999
_c
41063
_d
41063